Normal view
MARC view
- College administrators
Entry Topical Term
001 - CONTROL NUMBER
- control field: 12849
003 - CONTROL NUMBER IDENTIFIER
- control field: NUST
005 - DATE AND TIME OF LATEST TRANSACTION
- control field: 20190102053234.0
008 - FIXED-LENGTH DATA ELEMENTS
- fixed length control field: 190102|| aca||aabn | a|a d
040 ## - CATALOGING SOURCE
- Original cataloging agency: NUST
- Transcribing agency: NUST
150 ## - HEADING--TOPICAL TERM
- Topical term or geographic name entry element: College administrators
- Form subdivision: Fiction.
670 ## - SOURCE DATA FOUND
- Source citation: Work cat.: (NUST)0: Philipson, Morris, 1926-2011. 12848, A man in charge :, 1988.
